000 00923nmc a2200349 a 4500
003 AR-BaBNM
005 20251128205620.0
008 018019s1994 ||||||||||||||000 | spa||
020 _a987-9011-08-2
040 _cAR-BaBNM
100 1 _aLink, Daniel
245 1 0 _aLa chancha con cadenas
_bdoce ensayos de literatura argentina
260 _aBuenos Aires
_bEdiciones del Eclipse
_c1994
300 _a92 p.
490 0 _aMarginalia
600 1 4 _aBorges, Jorge Luis
600 1 4 _aViñas, David
600 1 4 _aPuig, Manuel
600 1 4 _aWalsh, Rodolfo Jorge
600 1 4 _aGusmán, Luis
600 1 4 _aCortázar, Julio
600 1 4 _aSaer, Juan José
650 4 _aLITERATURA ARGENTINA
650 4 _aCRITICA LITERARIA
650 4 _aESCRITORES
650 4 _aLITERATURA CONTEMPORANEA
650 4 _aENSAYO
655 _aLITERATURA
800 1 _aLink, Daniel
_edirector
942 _cBK
998 _cMARTIN
999 _c12132
_d12132